000
00169nam a2200073Ia 4500
008
170620s9999 xx 000 0 und d
100
_a
DASH AJAY
245
0
_a
NEWS REPORTING
260
_b
NEW DELHI SONALI
999
_c
30213
_d
30213